000 00460nam a22001457a 4500
005 20251027120909.0
008 251027b |||||||| |||| 00| 0 eng d
020 _a0887374476
050 _aRT34 VIS
245 _aVisions of Rogers Science -Based Nursing
_cElizabeth Ann Manhart Barrett, Editor
260 _aNew York
_bNational League for Nursing
_c1990
300 _axxiii. 401p.
_bill.
_c22.5cm
700 _aBarrett, Elizabeth Ann Manhart
942 _2lcc
_cBK
_n0
999 _c7809
_d7809